000
00301nam a2200121Ia 4500
008
190722s9999 xx 000 0 und d
020
_a
978-969-8624-96-5
100
_a
Munwar Hussain
245
0
_a
Synopsis of Taxes in Pakistan 2017
260
_a
Karachi
_b
IBP
_c
2017
300
_a
962p.:
942
_c
BK
999
_c
910
_d
910